Statistics for Hottest and Coldest Countries

Click here to take the quiz!

General Stats

  • This quiz has been taken 484 times
  • The average score is 8 of 20

Answer Stats

Average Annual Temperature (°F)Country% Correct
22.8Russia
95%
22.4Canada
89%
34.7Norway
88%
35.8Sweden
85%
35.1Finland
84%
35.2Iceland
79%
30.7Mongolia
62%
41.2Estonia
56%
82.9Mali
40%
81.8Mauritania
31%
82.9Burkina Faso
22%
82.1Senegal
19%
34.8Kyrgyzstan
15%
35.6Tajikistan
15%
81.6Benin
10%
82.4Djibouti
10%
81.8Maldives
9%
81.7Palau
7%
82.8Kiribati
6%
82.4Tuvalu
6%

Score Distribution

Percentile by Number Answered

Percent of People with Each Score

Your Score History

You have not taken this quiz